00498nam a2200169 a 450000500170000000800410001702000180005805000260007610000200010224500640012226000300018630000220021652100090023865000220024765000330026965000260030220140310183532.0111114s19uu xx 00 eng d a9781846683404 aHD 58.7b.St7325 2010 aStanford, Naomi aOrganisation culture :bgetting it right /cNaomi Stanford. aLondon :bProfile,c2010. a273 p. :c21 cm.  aBSBA aCorporate culture aOrganizational effectiveness aOrganizational change